1062 1897 1120 1796 1642 1024 1907 1189 1148 1435 1586 1698 1939 1393 1665 1024 1791 1492 1685 1273 1069 2000 1410 1132 1463 1020 1543 1111 1425 1371 1089 1818 1317 1792 1599 1329 1363 1643 1517 1332 1343 1028 1072 1367 1645 1587 1135 1615 1715 1455 1472 1982 1111 1609 1400 1608 1295 1629 1777 1865 1735 1155 1857 1322 1177 1886 1561 1484 1491 1300 1034 1634 1546 1698 1258 1744 1014 1863 1670 1444 1964 1496 1196 1196 1072 1578 1405 1437 1473 1273 1698 1724 1917 1585 1773 1433 1357 1260 1908 BCNSPRNW ULIB Ver.6.0+V

เปลี่ยนเป็นภาษาไทย

Change to English
 แสดงรายละเอียดบรรณานุกรม
  กลับหน้าหลัก

Brief Record : Get Marc (ISO 2709) : E-mail record : QR code < ปิดหน้าต่าง
LEADER : 00000nac a2200000Ia 4500
001    13399114487
003     ULIB
008    101006s2553 th a 000 0 tha d
020    ^a9786167375069
060 04 ^aWO218^bท239
245 00 ^aทศวรรษใหม่กับความปลอดภัยทางวิสัญญี =^bSafety and update inanesthesia 2010/^c บรรณาธิการโดย มลิวัลย์ ออฟูวงศ์ อรรัตน์ กาญจนวณิช
246 31 ^aSafety and update in anesthesia 2010
260    ^aสงขลา :^bหน่วยผลิตตำราคณะแพทยศาสตร์
300    ^a347 หน้า :^bภาพประกอบ ;^c22 ซม.
500    ^aSend to Single Search
650  4 ^aวิสัญญีวิทยา^vรวมเรื่อง
700 0  ^aมลิวัลย์ ออฟูวงศ์,^eบรรณาธิการ
700 0  ^aอรรัตน์ กาญจนวนิชกุล,^eบรรณาธิการ
710 2  ^aมหาวิทยาลัยสงขลานครินทร์. ^bคณะแพทยศาสตร์
945    ^p360^l0^i031608
945    ^p360^l0^i031609
995    ^a เกษร
999 ^a ทศพร
รายการนี้ยังไม่มีแท็ก
คุณยังไม่ได้ล็อกอิน คุณสามารถมีกิจกรรมร่วมกับเว็บไซต์ได้ แต่ต้องล็อกอินก่อน ::
  ล็อกอิน

รายการสื่อสารสนเทศ

ลำดับที่ ประเภท เลขเรียก/บาร์โค้ด สถานที่ สถานะ
- ไม่พบข้อมูล -

BibComment


ยังไม่เคยถูกคอมเมนท์

คอมเมนท์ทรัพยากรรายการนี้
  คอมเมนท์: ทศวรรษใหม่กับควา..


 Copyright 2026. Bcnsprnw @Library